| 000 | 00598nam a22001217a 4500 | ||
|---|---|---|---|
| 008 | 110705t xxu||||| |||| 00| 0 eng d | ||
| 010 | _aCAMCAF74 | ||
| 245 | _aCourt of Appeal Misc. Civil Application No 35 OF 1997 Wamala Growers Co-Operative Union Vs Attorney General | ||
| 260 | _c1997 | ||
| 500 | _aCORAM: JUSTICE C.M. KATO, J.A ; JUSTICE J.P. BERKO, J.A., AND LADY JUSTICE M. KIREJU, J.A | ||
| 999 |
_c4509 _d4509 |
||